000 00565nam a22001817a 4500
005 20241108173027.0
008 241108b |||||||| |||| 00| 0 eng d
020 _a9780131434400
050 _aQA76.9
_b.D3
100 _aGrauer, Robert T.
245 _aMicrosoft Office/
_bAccess 2003, Volume 1
_cRobert T. Grauer & Maryann Barber
250 _aVolume 1
260 _aUpper Saddle River, New Jersey
_bPearson Prentice Hall
_c2004
300 _axv.72p.
_bill. color
_c27.5cm
650 _2Microsoft Office
700 _aBarber, Maryann
942 _2lcc
_cBK
_eVolume 1
_n0
999 _c930
_d930